书目信息 |
| 题名: |
袁浩英语·巧学妙记篇
|
|
| 作者: | 袁浩 主编 | |
| 分册: | ||
| 出版信息: | 杨凌 西北农林科技大学出版社 2004.01 |
|
| 页数: | 458页 | |
| 开本: | 26cm | |
| 丛书名: | ||
| 单 册: | ||
| 中图分类: | H31 | |
| 科图分类: | ||
| 主题词: | 英语--自学参考资料 | |
| 电子资源: | ||
| ISBN: | 7-81092-062-6 | |
| 000 | 00732nam0 2200217 450 | |
| 001 | 010259541707 | |
| 005 | 20050926092403.16 | |
| 010 | @a7-81092-062-6@dCNY34.80 | |
| 100 | @a20050613d2004 km y0chiy0120 ea | |
| 101 | 0 | @achi@aeng |
| 102 | @aCN@b610000 | |
| 105 | @ay z 000yy | |
| 200 | 1 | @a袁浩英语·巧学妙记篇@Ayuan hao ying yu·qiao xue miao ji pian@f袁浩主编@Fyuan hao zhu bian |
| 210 | @a杨凌@c西北农林科技大学出版社@d2004.01 | |
| 215 | @a458页@d26cm | |
| 330 | @a本书共分二十二章,涵盖了通用型英语教材中从字母、音标、语音到词法、句法等基本语法知识的全部巧学妙记的内容。 | |
| 606 | 0 | @a英语@x自学参考资料 |
| 690 | @aH31@v4 | |
| 701 | 0 | @a袁浩@Ayuan hao@4主编 |
| 801 | 0 | @aCN@bQSSK@c20050926 |
| 905 | @a10447@dH31@eY896 | |
| 袁浩英语·巧学妙记篇/袁浩主编.-杨凌:西北农林科技大学出版社,2004.01 |
| 458页;26cm |
| ISBN 7-81092-062-6:CNY34.80 |
| 本书共分二十二章,涵盖了通用型英语教材中从字母、音标、语音到词法、句法等基本语法知识的全部巧学妙记的内容。 |
| ● |
| 相关链接 |
|
|
|
正题名:袁浩英语·巧学妙记篇
索取号:H31/Y896
 
预约/预借
| 序号 | 登录号 | 条形码 | 馆藏地/架位号 | 状态 | 备注 |
| 1 | 527537 | 205275370 | 语言库209/209语言库 89排4列5层/ [索取号:H31/Y896] | 在馆 | |
| 2 | 527538 | 205275389 | 语言库209/209语言库 89排4列5层/ [索取号:H31/Y896] | 在馆 | |
| 3 | 527539 | 205275398 | 语言库209/209语言库 89排4列5层/ [索取号:H31/Y896] | 在馆 |